=LDR 00000nam 2200000 4500 =001 NUTBA000000000001916 =005 20140523154923.0 =006 =007 =008 =020 ##$$a 978-979-29-3185-3 =035 ##$$0010-051400000000381 =040 ##$$a NBPDMAT =082 ##$$a 620.004 2 =090 ##$$a 620.004 2 $b Fal p =100 ##$$a Faldo Andreo Honggowidjojo =245 ##$$a Pemodelan dan visualisasi bangunan menggunakan Autodesk Revit Architecture / $c Faldo Andreo Honggowidjojo =250 ##$$a Ed.1 =260 ##$$a Yogyakarta : $b Andi, $c 2012 =300 ##$$a xiv, 418 hlm. : $b ilus. ; $c 23 cm =650 ##$$a Enginering Design =850 ##$$a NBPDMAT =990 ##$$a 21400727 =990 ##$$a 21400613/BPAP-NTB/20142014 =990 ##$$a 21400613/BPAP-NTB/20142014 =990 ##$$a 21400613/BPAP-NTB/20142014 =990 ##$$a 21400613/BPAP-NTB/20142014 =990 ##$$a 21400613/BPAP-NTB/20142014 =990 ##$$a 21400613/BPAP-NTB/20142014 =990 ##$$a 21400613/BPAP-NTB/20142014 =990 ##$$a 21601952/BPAP-NTB/2017